Statistics for Members of DIA (Kpop)

Click here to take the quiz!

General Stats

  • This quiz has been taken 37 times
  • The average score is 4 of 7

Answer Stats

Answer% Correct
Chaeyeon
87%
Yebin
80%
Eunice
73%
Jenny
67%
Eunjin
50%
Seunghee
40%
Cathy
37%

Score Distribution

Percentile by Number Answered

Percent of People with Each Score

Your Score History

You have not taken this quiz